00293nam a2200121Ia 4500008004100000041000900041082001800050100002100068245003000089260003600119300000800155650000800163230718s9999 xx 000 0 und d aEng. a347.07bCLA-H aClark, Charles E 0aHand book of the law code aPakistanbWest Publishingc1947 a874 aLaw